000 00856pam a2200289 a 4500
999 _c8990
_d8990
001 8990
003 BD-JhCC
005 20180306131240.0
008 890824s1990 ilua 001 0 eng
020 _a0256082502
035 _a(BD-JhCC)8990
040 _aDLC
_cDLC
_dDLC
_dBD-JhCC
041 _aeng
050 0 0 _aQA303
_b.S83 1990
082 0 0 _a515
_220
_bSTA 1990
100 1 _aStancl, Donald L.
245 1 0 _aBrief calculus for management and the life and social sciences /
_cDonald L. Stancl, Mildred L. Stancl.
250 _a2nd ed.
260 _aHomewood, IL :
_bIrwin,
_cc1990.
300 _axviii, 601 p. :
_bill. ;
_c24 cm.
440 4 _aThe Irwin series in quantitative analysis for business
440 0 _aApplied college mathematics series
650 0 _aCalculus.
700 1 _aStancl, Mildred L.
942 _2ddc
_cBK